<?xml version="1.0" encoding="UTF-8"?>
<record
    xmlns:xsi="http://www.w3.org/2001/XMLSchema-instance"
    xsi:schemaLocation="http://www.loc.gov/MARC21/slim http://www.loc.gov/standards/marcxml/schema/MARC21slim.xsd"
    xmlns="http://www.loc.gov/MARC21/slim">

  <leader>01150ncm0a2200325   4500</leader>
  <controlfield tag="001">RU\NLR\ONIZ\226534</controlfield>
  <controlfield tag="005">20250626172723.0</controlfield>
  <datafield tag="035" ind1=" " ind2=" ">
    <subfield code="a">RU\NLR\ONIZ\GALA\5000034768\20190531160809</subfield>
  </datafield>
  <datafield tag="035" ind1=" " ind2=" ">
    <subfield code="a">(NLR Aleph) 012031457</subfield>
  </datafield>
  <datafield tag="090" ind1=" " ind2=" ">
    <subfield code="a">11554270</subfield>
    <subfield code="c">11554270</subfield>
  </datafield>
  <datafield tag="100" ind1=" " ind2=" ">
    <subfield code="a">20190531d2018    |||y0rusy50      ca</subfield>
  </datafield>
  <datafield tag="101" ind1="0" ind2=" ">
    <subfield code="a">rus</subfield>
  </datafield>
  <datafield tag="102" ind1=" " ind2=" ">
    <subfield code="a">RU</subfield>
  </datafield>
  <datafield tag="125" ind1=" " ind2=" ">
    <subfield code="a">ax</subfield>
  </datafield>
  <datafield tag="200" ind1="1" ind2=" ">
    <subfield code="a">&#x41A;&#x43B;&#x430;&#x441;&#x441; &#x444;&#x43E;&#x43B;&#x44C;&#x43A;&#x43B;&#x43E;&#x440;&#x43D;&#x43E;&#x433;&#x43E; &#x430;&#x43D;&#x441;&#x430;&#x43C;&#x431;&#x43B;&#x44F;</subfield>
    <subfield code="b">&#x41D;&#x43E;&#x442;&#x44B;</subfield>
    <subfield code="e">&#x443;&#x447;&#x435;&#x431;.-&#x43C;&#x435;&#x442;&#x43E;&#x434;. &#x43F;&#x43E;&#x441;&#x43E;&#x431;&#x438;&#x435;</subfield>
    <subfield code="f">&#x421;. &#x426;. &#x41C;&#x430;&#x43D;&#x448;&#x435;&#x435;&#x432;&#x430;</subfield>
  </datafield>
  <datafield tag="210" ind1=" " ind2=" ">
    <subfield code="a">&#x423;&#x43B;&#x430;&#x43D;-&#x423;&#x434;&#x44D;</subfield>
    <subfield code="c">&#x424;&#x413;&#x411;&#x41E;&#x423; &#x412;&#x41E; &#x412;&#x421;&#x413;&#x418;&#x41A;</subfield>
    <subfield code="d">2018</subfield>
  </datafield>
  <datafield tag="215" ind1=" " ind2=" ">
    <subfield code="a">48 &#x441;.</subfield>
    <subfield code="d">29 &#x441;&#x43C;</subfield>
  </datafield>
  <datafield tag="606" ind1="1" ind2=" ">
    <subfield code="a">&#x411;&#x443;&#x440;&#x44F;&#x442;&#x441;&#x43A;&#x438;&#x439; &#x43F;&#x435;&#x441;&#x435;&#x43D;&#x43D;&#x44B;&#x439; &#x444;&#x43E;&#x43B;&#x44C;&#x43A;&#x43B;&#x43E;&#x440;</subfield>
    <subfield code="2">nlr_sh</subfield>
  </datafield>
  <datafield tag="686" ind1=" " ind2=" ">
    <subfield code="a">&#x429;92(2&#x420;=&#x411;&#x443;&#x440;&#x44F;)-4&#x44F;43</subfield>
    <subfield code="v">LBC/SL</subfield>
    <subfield code="2">rubbk</subfield>
  </datafield>
  <datafield tag="700" ind1=" " ind2="1">
    <subfield code="9">z01790</subfield>
    <subfield code="a">&#x41C;&#x430;&#x43D;&#x448;&#x435;&#x435;&#x432;&#x430;</subfield>
    <subfield code="b">&#x421;. &#x426;.</subfield>
    <subfield code="g">&#x421;&#x43E;&#x451;&#x43B;&#x43C;&#x430; &#x426;&#x44B;&#x434;&#x44B;&#x43F;&#x43E;&#x432;&#x43D;&#x430;</subfield>
    <subfield code="4">070</subfield>
    <subfield code="7">ca</subfield>
  </datafield>
  <datafield tag="790" ind1=" " ind2="1">
    <subfield code="9">z01700</subfield>
    <subfield code="a">Man&#x161;eeva</subfield>
    <subfield code="b">S.</subfield>
    <subfield code="g">Sojolma</subfield>
    <subfield code="4">070</subfield>
    <subfield code="7">ba</subfield>
  </datafield>
  <datafield tag="801" ind1=" " ind2="0">
    <subfield code="a">RU</subfield>
    <subfield code="b">NLR</subfield>
    <subfield code="c">20190531</subfield>
    <subfield code="g">PSBO</subfield>
  </datafield>
  <datafield tag="801" ind1=" " ind2="1">
    <subfield code="a">RU</subfield>
    <subfield code="b">NLR</subfield>
    <subfield code="c">20190531</subfield>
    <subfield code="2">rusmarc</subfield>
  </datafield>
  <datafield tag="801" ind1=" " ind2="2">
    <subfield code="a">RU</subfield>
    <subfield code="b">NLR</subfield>
    <subfield code="c">20190605</subfield>
  </datafield>
  <datafield tag="852" ind1=" " ind2=" ">
    <subfield code="a">NLR</subfield>
    <subfield code="b">&#x41C;</subfield>
    <subfield code="j">&#x41A;-3/29905</subfield>
    <subfield code="p">268213</subfield>
    <subfield code="t">1</subfield>
  </datafield>
  <datafield tag="852" ind1=" " ind2=" ">
    <subfield code="a">NLR</subfield>
    <subfield code="b">&#x41C;</subfield>
    <subfield code="j">&#x41A;-3/29905&#x430;</subfield>
    <subfield code="p">268214</subfield>
    <subfield code="t">2</subfield>
  </datafield>
  <datafield tag="942" ind1=" " ind2=" ">
    <subfield code="c">SCORE</subfield>
  </datafield>
  <datafield tag="980" ind1=" " ind2=" ">
    <subfield code="a">NB</subfield>
  </datafield>
  <datafield tag="980" ind1=" " ind2=" ">
    <subfield code="a">ONIZ</subfield>
  </datafield>
  <datafield tag="995" ind1=" " ind2=" ">
    <subfield code="5">2019-05-31</subfield>
    <subfield code="b">NLR01</subfield>
    <subfield code="c">NLR01</subfield>
    <subfield code="e">ONIZ</subfield>
    <subfield code="k">&#x41A;-3/29905 &#x41A;-3/29905</subfield>
    <subfield code="o">0</subfield>
    <subfield code="r">SCORE</subfield>
    <subfield code="s">329905_329905</subfield>
  </datafield>
  <datafield tag="995" ind1=" " ind2=" ">
    <subfield code="5">2019-05-31</subfield>
    <subfield code="b">NLR01</subfield>
    <subfield code="c">NLR01</subfield>
    <subfield code="e">ONIZ</subfield>
    <subfield code="k">&#x41A;-3/29905&#x430; &#x41A;-3/29905&#x430;</subfield>
    <subfield code="o">0</subfield>
    <subfield code="r">SCORE</subfield>
    <subfield code="s">329905_329905</subfield>
  </datafield>
</record>
